| 000 | 00596nam a2200205 a 4500 | ||
|---|---|---|---|
| 001 | 3631 | ||
| 003 | CDMR | ||
| 005 | 20131210170958.0 | ||
| 008 | 130130s1981||||||||||||||||||||||||||||d | ||
| 020 | _a8475160166 | ||
| 040 |
_aCDMR _bcat _cCDMR |
||
| 100 | 1 |
_aSánchez-Bravo Cenjor, Antonio _92191 |
|
| 245 | 1 | 0 |
_aTratado de estructura de la información _cAntonio Sánchez-Bravo |
| 260 |
_aMadrid _c1981 _bLatina |
||
| 300 | _a254 p. | ||
| 490 | 0 | _aLatina universitaria | |
| 650 | 0 | 4 |
_93364 _aTecnologia de la informació |
| 650 | 0 | 4 |
_92272 _aPeriodisme _xInnovacions tecnològiques |
| 942 |
_cMON _2udc |
||
| 999 |
_c3631 _d3631 |
||